Hazrat Bilal (Record no. 12190)

MARC details
000 -LEADER
fixed length control field 00635nam a2200241 a 4500
020 ## - INTERNATIONAL STANDARD BOOK NUMBER
ISBN
082 00 - DEWEY DECIMAL CLASSIFICATION NUMBER
Classification number 297.64
Author Cutter ALA
100 ## - MAIN ENTRY--AUTHOR NAME
Author name Al-Akkad, Abbas Mahmood
245 ## - TITLE STATEMENT
Title Hazrat Bilal
Sub title the First Muadhdhin of the Prophet of Islam
260 ## - PUBLICATION, DISTRIBUTION, ETC. (IMPRINT)
Place of publication Delhi
Name of publisher Islamic Book Service
Year of publication 1998
300 ## - PHYSICAL DESCRIPTION
Number of Pages 90p
500 ## - GENERAL NOTE
General note includes index and biblioraphy
505 2# - FORMATTED CONTENTS NOTE
Formatted contents note Index
650 ## - SUBJECT ADDED ENTRY--TOPICAL TERM
Topical Term Muhammad, Prophet-Companions
942 ## - ADDED ENTRY ELEMENTS (KOHA)
Koha item type Books
700 1# -
-- Al-Akkad, Abbas Mahmood
Holdings
Collection code Home library Current library Date acquired Cost, normal purchase price Full call number Accession Number Koha item type
  Henry Martyn Institute Library Henry Martyn Institute Library 07/10/2007 40.00 297.64 ALA 018254 Books
                   Copyright © 2026 | Henry Martyn Institute | Hyderabad | TS-500052 | INDIA | Implemented by hmi.edu.in
Hit-Count:

Powered by Koha